|
|
|
|
| LEADER |
02023nam a22004574a 4500 |
| 001 |
EBC1169866 |
| 003 |
MiAaPQ |
| 005 |
20080423030928.0 |
| 006 |
m o d | |
| 007 |
cr cn||||||||| |
| 008 |
080423s2007 ncu sb 001 0 eng d |
| 020 |
|
|
|z 9780822389620
|
| 020 |
|
|
|z 0822389622
|
| 020 |
|
|
|z 0822339056 (cloth : alk. paper)
|
| 020 |
|
|
|z 9780822339052 (cloth : alk. paper)
|
| 020 |
|
|
|z 0822339277 (pbk. : alk. paper)
|
| 020 |
|
|
|z 9780822339274 (pbk. : alk. paper)
|
| 035 |
|
|
|a (MiAaPQ)EBC1169866
|
| 035 |
|
|
|a (Au-PeEL)EBL1169866
|
| 035 |
|
|
|a (CaPaEBR)ebr10217159
|
| 035 |
|
|
|a (CaONFJC)MIL302309
|
| 035 |
|
|
|a (OCoLC)300742541
|
| 040 |
|
|
|a MiAaPQ
|c MiAaPQ
|d MiAaPQ
|
| 049 |
|
|
|a NDDP
|
| 050 |
|
4 |
|a CB203
|b .D36 2007
|
| 100 |
1 |
|
|a Dainotto, Roberto M.
|q (Roberto Maria),
|d 1962-
|
| 245 |
1 |
0 |
|a Europe (in theory)
|h [electronic resource] /
|c Roberto M. Dainotto.
|
| 260 |
|
|
|a Durham :
|b Duke University Press,
|c 2007.
|
| 300 |
|
|
|a 270 p.
|
| 504 |
|
|
|a Includes bibliographical references (p. [239]-265) and index.
|
| 505 |
0 |
|
|a Introduction : a pigs eye view of Europe -- The discovery of Europe : some critical points -- Montesquieu's north and south : history as a theory of Europe -- Republics of letters : what is European literature? -- Mme de Stael to Hegel : the end of French Europe -- Orientalism, Mediterranean style : the limits of history at the margins of Europe.
|
| 533 |
|
|
|a Electronic reproduction. Ann Arbor, MI : ProQuest, 2015. Available via World Wide Web. Access may be limited to ProQuest affiliated libraries.
|
| 650 |
|
0 |
|a National characteristics, European.
|
| 651 |
|
0 |
|a Europe
|x Civilization.
|
| 651 |
|
0 |
|a Europe
|x Intellectual life
|y 18th century.
|
| 651 |
|
0 |
|a Europe
|x Intellectual life
|y 19th century.
|
| 651 |
|
0 |
|a Europe
|x Historiography.
|
| 655 |
|
4 |
|a Electronic books.
|
| 710 |
2 |
|
|a ProQuest (Firm)
|
| 830 |
|
0 |
|a e-Duke books scholarly collection.
|
| 856 |
4 |
0 |
|u https://ebookcentral.proquest.com/lib/matrademy/detail.action?docID=1169866
|z Click to View
|